[Event "Cracovia 2008 op A"]
[Site "Krakow"]
[Date "2008.12.27"]
[Round "1.55"]
[White "Roubalik, Jakub"]
[Black "Iwanow, Anna"]
[Result "1-0"]
[WhiteElo "2216"]
[BlackElo "1961"]
[PlyCount "83"]
[EventDate "2008.??.??"]

1. d4 Nf6 2. c4 g6 3. Nc3 Bg7 4. e4 d6 5. Nge2 O-O 6. Ng3 e5 7. d5 Nbd7 8. Be2
a5 9. h4 Nc5 10. h5 c6 11. h6 Bh8 12. Bg5 Qd7 13. Qd2 cxd5 14. cxd5 Rb8 15. Bb5
Qc7 16. O-O Qb6 17. Rab1 Bd7 18. b4 axb4 19. Rxb4 Bxb5 20. Rxb5 Qa7 21. Be3 b6
22. Rfb1 Rfc8 23. f3 Nfd7 24. Nge2 Ra8 25. R5b4 Bf6 26. Nb5 Qb8 27. Nc1 Be7 28.
R4b2 Qb7 29. Nd3 Nxd3 30. Qxd3 Nc5 31. Qd2 Qa6 32. Nxd6 Bxd6 33. Rxb6 Qa3 34.
Rxd6 Nxe4 35. fxe4 Qxd6 36. Rb6 Qa3 37. d6 Rc3 38. Rb3 Rxb3 39. axb3 Rd8 40. b4
Qb3 41. Bb6 Rd7 42. Qc1 1-0

[Event "Cracovia 2008 op A"]
[Site "Krakow"]
[Date "2008.12.27"]
[Round "1.56"]
[White "Pietrzak, Wojciech"]
[Black "Jakubiec, Edyta"]
[Result "1-0"]
[WhiteElo "1912"]
[BlackElo "2214"]
[PlyCount "25"]
[EventDate "2008.??.??"]

1. e4 c5 2. c3 d5 3. exd5 Qxd5 4. d4 Nc6 5. Nf3 Bg4 6. Be2 cxd4 7. cxd4 e6 8.
Nc3 Bb4 9. O-O Qd6 10. d5 exd5 11. Nb5 Qd7 12. Qxd5 O-O-O 13. Qc4 1-0

[Event "Cracovia 2008 op A"]
[Site "Krakow"]
[Date "2008.12.27"]
[Round "1.57"]
[White "Pazderski, Ziemowit"]
[Black "Goslawski, Michal"]
[Result "1-0"]
[WhiteElo "2209"]
[BlackElo "1902"]
[PlyCount "55"]
[EventDate "2008.??.??"]

1. d4 d5 2. Nf3 Nf6 3. Bf4 g6 4. e3 Bg7 5. c4 O-O 6. Nc3 c6 7. Be2 dxc4 8. Bxc4
b5 9. Bd3 b4 10. Na4 Nbd7 11. Rc1 Qa5 12. O-O Nd5 13. Bg3 N5b6 14. Nxb6 Qxb6
15. Qa4 c5 16. Be4 Bb7 17. Bxb7 Qxb7 18. dxc5 Nf6 19. c6 Qb6 20. Ne5 a5 21. Rc2
Rfc8 22. Nd7 Nxd7 23. cxd7 Rxc2 24. Qxc2 e5 25. Qc8+ Qd8 26. Rc1 Bf6 27. Bxe5
Be7 28. Qxa8 1-0

[Event "Cracovia 2008 op A"]
[Site "Krakow"]
[Date "2008.12.27"]
[Round "1.58"]
[White "Gluszko, Monika"]
[Black "Galyga, Zbigniew"]
[Result "1/2-1/2"]
[WhiteElo "1901"]
[BlackElo "2204"]
[PlyCount "55"]
[EventDate "2008.??.??"]

1. e4 c6 2. d4 d5 3. Nc3 dxe4 4. Nxe4 Bf5 5. Ng3 Bg6 6. h4 h6 7. h5 Bh7 8. Nf3
Nd7 9. Bd3 Bxd3 10. Qxd3 e6 11. Bd2 Ngf6 12. O-O-O Qc7 13. Ne4 O-O-O 14. Nxf6
Nxf6 15. Qe2 Bd6 16. Ne5 Rhe8 17. Rh3 Nd5 18. c4 Bxe5 19. dxe5 Ne7 20. Ra3 Kb8
21. g4 c5 22. f4 Nc6 23. Be3 Nb4 24. Bd2 Nc6 25. Be3 Nb4 26. Bd2 Nc6 27. Be3
Nb4 28. Bd2 1/2-1/2

[Event "Cracovia 2008 op A"]
[Site "Krakow"]
[Date "2008.12.27"]
[Round "1.59"]
[White "Smola, Michal"]
[Black "Ogonowska, Katarzyna"]
[Result "1-0"]
[WhiteElo "2204"]
[BlackElo "1880"]
[PlyCount "83"]
[EventDate "2008.??.??"]

1. e4 c5 2. Nf3 d6 3. d4 cxd4 4. Nxd4 Nf6 5. Nc3 g6 6. Be2 Bg7 7. O-O O-O 8.
Be3 Nc6 9. Kh1 Bd7 10. f4 a6 11. Bf3 Nxd4 12. Bxd4 Bc6 13. Qd2 Rc8 14. a4 a5
15. Qf2 Nd7 16. Bg4 Bxd4 17. Qxd4 Rb8 18. Rad1 Nb6 19. e5 dxe5 20. Qxe5 Qe8 21.
b3 Ra8 22. Qc7 Nc8 23. Rfe1 e6 24. f5 gxf5 25. Bxf5 Ne7 26. Ne4 Bxe4 27. Bxe4
Ng6 28. Qxb7 Rc8 29. Qb6 Qe7 30. Qxa5 Rc5 31. Qb6 Rfc8 32. Qd6 Qg5 33. Qd2 Qh4
34. g3 Qf6 35. a5 Ne5 36. Rf1 Qg7 37. c4 Ng4 38. a6 Rh5 39. Qd8+ Rxd8 40. Rxd8+
Qf8 41. Rxf8+ Kxf8 42. a7 1-0

[Event "Cracovia 2008 op A"]
[Site "Krakow"]
[Date "2008.12.27"]
[Round "1.60"]
[White "Wisniowska, Klaudia"]
[Black "Brzeski, Maciej"]
[Result "0-1"]
[WhiteElo "1988"]
[BlackElo "2366"]
[PlyCount "64"]
[EventDate "2008.??.??"]

1. e4 e5 2. Nf3 Nc6 3. Bb5 Nf6 4. O-O Nxe4 5. d4 Nd6 6. Bxc6 dxc6 7. dxe5 Nf5
8. Qxd8+ Kxd8 9. Rd1+ Ke8 10. Nbd2 Ne7 11. h3 h6 12. Nf1 Bf5 13. c3 Rd8 14.
Rxd8+ Kxd8 15. Bf4 g5 16. Bh2 c5 17. Rd1+ Kc8 18. Ne3 Be6 19. Nd2 b6 20. b3 a5
21. Ne4 Nc6 22. Nd5 Bg7 23. Ndf6 a4 24. c4 Nd4 25. Nh5 Bf8 26. Nd2 axb3 27.
axb3 Be7 28. Ng7 Bd7 29. Rb1 h5 30. Nf3 Nxf3+ 31. gxf3 Rh7 32. e6 fxe6 0-1

[Event "Cracovia 2008 op A"]
[Site "Krakow"]
[Date "2008.12.27"]
[Round "1.61"]
[White "Swiech, Przemyslaw"]
[Black "Marzano, Carlo"]
[Result "0-1"]
[WhiteElo "2119"]
[BlackElo "2188"]
[PlyCount "66"]
[EventDate "2008.??.??"]

1. d4 Nc6 2. c4 e5 3. d5 Nce7 4. Nc3 Ng6 5. a3 a5 6. Nf3 Nf6 7. e4 Bc5 8. h3
O-O 9. Bg5 h6 10. Bd2 d6 11. g4 c6 12. g5 hxg5 13. Bxg5 Qb6 14. Qd2 a4 15. Bd3
Nh5 16. Be3 Nhf4 17. O-O-O Nxh3 18. Rdf1 Nhf4 19. Rh2 Bg4 20. Ne1 Qb3 21. Bxc5
dxc5 22. Nc2 Nxd3+ 23. Qxd3 Nf4 24. Qd2 Qxc4 25. Rfh1 f5 26. Ne3 Qd4 27. Qc2
Qd3 28. Qxd3 Nxd3+ 29. Kc2 Nf4 30. dxc6 bxc6 31. Rg1 Ne6 32. Nc4 Nd4+ 33. Kb1
Nf3 0-1

[Event "Cracovia 2008 op A"]
[Site "Krakow"]
[Date "2008.12.28"]
[Round "2.1"]
[White "Andersen, Lars Even"]
[Black "Gajewski, Grzegorz"]
[Result "0-1"]
[WhiteElo "2262"]
[BlackElo "2577"]
[PlyCount "80"]
[EventDate "2008.??.??"]

1. Nf3 d5 2. d4 Nf6 3. c4 e6 4. Nc3 Bb4 5. e3 O-O 6. Bd3 c5 7. cxd5 cxd4 8.
exd4 Nxd5 9. O-O Nc6 10. Ne4 Be7 11. a3 b6 12. Re1 Bb7 13. Bc2 Rc8 14. Qd3 g6
15. Bh6 Ncb4 16. axb4 Nxb4 17. Qd2 Nxc2 18. Nfg5 Nxe1 19. Rxe1 Bxe4 20. Nxe4
Re8 21. Ng5 Bxg5 22. Bxg5 f6 23. Bh6 Kf7 24. h4 Qd5 25. Qf4 Red8 26. Qg4 Qf5
27. Qd1 Qh5 28. Qd2 Qxh4 29. Be3 Qh5 30. b4 Rd7 31. Qa2 Qd5 32. Qd2 Qc4 33. Qb2
Qc2 34. Qa1 Qc3 35. Qb1 Rdc7 36. Kf1 Qc2 37. Qa1 Qc4+ 38. Kg1 Qxb4 39. Rd1 Qb3
40. Rb1 Qd5 0-1

[Event "Cracovia 2008 op A"]
[Site "Krakow"]
[Date "2008.12.28"]
[Round "2.2"]
[White "Kocwin, Bartosz"]
[Black "Malaniuk, Vladimir P"]
[Result "0-1"]
[WhiteElo "2260"]
[BlackElo "2534"]
[PlyCount "64"]
[EventDate "2008.??.??"]

1. Nf3 f5 2. g3 Nf6 3. d4 g6 4. Bg2 Bg7 5. c4 O-O 6. O-O d6 7. Nc3 Qe8 8. Qc2
Nc6 9. Rd1 e5 10. dxe5 dxe5 11. Nd5 Rf7 12. Ng5 Rd7 13. Be3 Ng4 14. Bc5 h6 15.
Ne6 Qxe6 16. Nxc7 Rxc7 17. Bd5 Nd4 18. Bxe6+ Bxe6 19. Bxd4 exd4 20. Rac1 Bf7
21. Qa4 b6 22. b4 Rac8 23. c5 Ne5 24. Qa6 bxc5 25. Rxc5 Rxc5 26. bxc5 Rxc5 27.
Qxa7 Rc2 28. Qa8+ Kh7 29. a4 Rxe2 30. a5 d3 31. Qb7 d2 32. Kg2 Bc4 0-1

[Event "Cracovia 2008 op A"]
[Site "Krakow"]
[Date "2008.12.28"]
[Round "2.3"]
[White "Shishkin, Vadim"]
[Black "Krzyzanowski, Marcin"]
[Result "1/2-1/2"]
[WhiteElo "2502"]
[BlackElo "2280"]
[PlyCount "68"]
[EventDate "2008.??.??"]

1. d4 d5 2. c4 dxc4 3. e4 e5 4. Nf3 exd4 5. Bxc4 Nc6 6. O-O Be6 7. Bxe6 fxe6 8.
Qb3 Qd7 9. Qxb7 Rb8 10. Qa6 Nf6 11. Nbd2 Bd6 12. b3 O-O 13. Bb2 e5 14. Ba3 Kh8
15. Rac1 Ne7 16. Nc4 Nxe4 17. Nfxe5 Qf5 18. Nxd6 cxd6 19. Nf3 Qg6 20. Nxd4 Nd5
21. Ne2 Nd2 22. Qxd6 Qf7 23. Qa6 Nxf1 24. Bxf8 Rxf8 25. Rxf1 Ne3 26. Ng3 Nxf1
27. Qxf1 h6 28. h3 Qe6 29. Qd1 Qe5 30. Qd2 Re8 31. Kh2 Rf8 32. Kg1 Re8 33. Kh2
Re7 34. Qd8+ Re8 1/2-1/2

[Event "Cracovia 2008 op A"]
[Site "Krakow"]
[Date "2008.12.28"]
[Round "2.4"]
[White "Szwed, Jacek"]
[Black "Swiercz, Dariusz"]
[Result "0-1"]
[WhiteElo "2258"]
[BlackElo "2478"]
[PlyCount "50"]
[EventDate "2008.??.??"]

1. e4 e6 2. d4 d5 3. Nd2 Nf6 4. e5 Nfd7 5. Bd3 c5 6. c3 Nc6 7. Ndf3 Qa5 8. Bd2
Qb6 9. Ne2 Qxb2 10. O-O Qa3 11. Ne1 Nb6 12. Qb1 c4 13. Bxh7 g6 14. Bxg6 fxg6
15. Qxg6+ Kd7 16. Bg5 Be7 17. Nc2 Qa4 18. Nf4 Kc7 19. Nxe6+ Bxe6 20. Bxe7 Kd7
21. Bf6 Rag8 22. Bg7 Ne7 23. Qf6 Rh7 24. Ne3 Rhxg7 25. f4 Rf7 0-1

[Event "Cracovia 2008 op A"]
[Site "Krakow"]
[Date "2008.12.28"]
[Round "2.5"]
[White "Piorun, Kacper"]
[Black "Ponizil, Cyril"]
[Result "1-0"]
[WhiteElo "2472"]
[BlackElo "2251"]
[PlyCount "69"]
[EventDate "2008.??.??"]

1. d4 Nf6 2. c4 g6 3. Nc3 Bg7 4. e4 d6 5. Bg5 O-O 6. Qd2 Qe8 7. Bd3 Nc6 8. Nge2
e5 9. d5 Nd4 10. Bxf6 Bxf6 11. Nxd4 exd4 12. Ne2 c5 13. O-O Bd7 14. f4 Qe7 15.
Rae1 Kh8 16. Ng3 Rae8 17. b4 b6 18. bxc5 bxc5 19. Qa5 Bc8 20. e5 dxe5 21. Ne4
Bh4 22. g3 Bh3 23. Rf2 Qd8 24. Qxd8 Bxd8 25. Nd6 e4 26. Nxe8 exd3 27. Nd6 Bc7
28. Nb7 Rb8 29. Nxc5 Ba5 30. Rd1 d2 31. Nb3 Re8 32. Rfxd2 Bxd2 33. Rxd2 d3 34.
Rxd3 Re2 35. Rd2 1-0

[Event "Cracovia 2008 op A"]
[Site "Krakow"]
[Date "2008.12.28"]
[Round "2.6"]
[White "Cechura, Petr"]
[Black "Sharapov, Evgeny"]
[Result "0-1"]
[WhiteElo "2249"]
[BlackElo "2427"]
[PlyCount "92"]
[EventDate "2008.??.??"]

1. e4 c5 2. Nf3 d6 3. d4 cxd4 4. Nxd4 Nf6 5. Nc3 Nc6 6. f3 e5 7. Nb3 Be7 8. Be3
Be6 9. Nd5 Bxd5 10. exd5 Nb8 11. Bd3 O-O 12. c4 Nbd7 13. Qd2 a5 14. O-O g6 15.
Nc1 Nh5 16. Ne2 f5 17. g4 Ng7 18. Kh1 Rc8 19. b3 Nc5 20. Bc2 b6 21. Rab1 Qd7
22. Bg5 Rce8 23. h3 e4 24. fxe4 fxg4 25. h4 Rxf1+ 26. Rxf1 Bxg5 27. Qxg5 Nxe4
28. Bxe4 Rxe4 29. Ng3 Re5 30. Qf4 Nf5 31. Qxg4 Nxg3+ 32. Qxg3 Qe7 33. Kg2 Re3
34. Qg5 Re2+ 35. Rf2 Qxg5+ 36. hxg5 Rxf2+ 37. Kxf2 h6 38. gxh6 Kh7 39. Kf3 Kxh6
40. Kg4 g5 41. a3 Kg6 42. b4 axb4 43. axb4 Kf6 44. c5 dxc5 45. bxc5 bxc5 46. d6
c4 0-1

[Event "Cracovia 2008 op A"]
[Site "Krakow"]
[Date "2008.12.28"]
[Round "2.7"]
[White "Lubczynski, Rafal"]
[Black "Galazewski, Tomasz"]
[Result "1-0"]
[WhiteElo "2423"]
[BlackElo "2245"]
[PlyCount "51"]
[EventDate "2008.??.??"]

1. d4 Nf6 2. g3 g6 3. Bg2 Bg7 4. e4 d6 5. Nc3 O-O 6. Nf3 c5 7. dxc5 dxc5 8.
Qxd8 Rxd8 9. Be3 Na6 10. h3 Nd7 11. O-O-O Bxc3 12. bxc3 Re8 13. Bf1 Nc7 14. Bf4
Ne6 15. Bb5 Rd8 16. Ne5 Nxe5 17. Bxe5 Rxd1+ 18. Rxd1 f6 19. Bf4 a6 20. Bc4 Kg7
21. Be3 b6 22. f4 Nc7 23. g4 b5 24. Be2 c4 25. f5 Kf7 26. Rd8 1-0

[Event "Cracovia 2008 op A"]
[Site "Krakow"]
[Date "2008.12.28"]
[Round "2.8"]
[White "Duhayon, Yves"]
[Black "Pedersen, Nicolai Vesterbaek"]
[Result "0-1"]
[WhiteElo "2237"]
[BlackElo "2417"]
[PlyCount "38"]
[EventDate "2008.??.??"]

1. d4 Nf6 2. c4 c5 3. d5 b5 4. f3 bxc4 5. e4 d6 6. Bxc4 g6 7. Ne2 Bg7 8. O-O
O-O 9. Nec3 Nbd7 10. Na3 Nb6 11. Be2 e6 12. dxe6 Bxe6 13. Be3 Qe7 14. Rc1 Rfd8
15. Qc2 d5 16. Nxd5 Nfxd5 17. exd5 Nxd5 18. Bxc5 Qg5 19. Rfd1 Nc3 0-1

[Event "Cracovia 2008 op A"]
[Site "Krakow"]
[Date "2008.12.28"]
[Round "2.9"]
[White "D`Costa, Lorin A R"]
[Black "Paterek, Michal"]
[Result "0-1"]
[WhiteElo "2411"]
[BlackElo "2235"]
[PlyCount "107"]
[EventDate "2008.??.??"]

1. d4 d5 2. c4 c6 3. Nc3 Nf6 4. e3 e6 5. Nf3 Nbd7 6. Bd3 dxc4 7. Bxc4 b5 8. Bd3
a6 9. a4 b4 10. Ne4 c5 11. O-O Bb7 12. Nxf6+ Nxf6 13. dxc5 Bxc5 14. Qe2 Qd5 15.
Rd1 Qh5 16. b3 O-O 17. Bb2 Rfc8 18. Rac1 a5 19. e4 Ng4 20. Rf1 Bb6 21. Rxc8+
Bxc8 22. h3 Nf6 23. Qd2 Bb7 24. Qf4 Rd8 25. Bb1 Ne8 26. Rc1 f6 27. Re1 Qc5 28.
Qg3 e5 29. Rc1 Qe7 30. Re1 Nc7 31. Bc1 Ne6 32. Nh4 Qd7 33. Nf5 Ba6 34. Bc2 Qc7
35. Be3 Bxe3 36. Nxe3 Nd4 37. Bd1 Qc3 38. f3 Qc5 39. Kh2 Kh8 40. Qf2 Bc8 41.
Nc4 Be6 42. Be2 Bxc4 43. Bxc4 Nxb3 44. Qxc5 Nxc5 45. Bd5 b3 46. Rc1 b2 47. Rb1
Rb8 48. Bc6 Rb4 49. Kg1 Ne6 50. Kf2 Nd4 51. Bd5 Nc2 52. Ba2 Na3 53. Rd1 Rd4 54.
Bb1 0-1

[Event "Cracovia 2008 op A"]
[Site "Krakow"]
[Date "2008.12.28"]
[Round "2.10"]
[White "Rudnicki, Milosz"]
[Black "Hnydiuk, Aleksander"]
[Result "1/2-1/2"]
[WhiteElo "2232"]
[BlackElo "2403"]
[PlyCount "54"]
[EventDate "2008.??.??"]

1. e4 c5 2. Nf3 e6 3. d4 cxd4 4. Nxd4 Nc6 5. Nc3 a6 6. Be2 Qc7 7. O-O Nf6 8.
Be3 Be7 9. Kh1 O-O 10. f4 d6 11. a4 Rd8 12. Qe1 Nxd4 13. Bxd4 e5 14. Be3 exf4
15. Bxf4 Be6 16. Qg3 Nd7 17. Rad1 Ne5 18. Rd2 Rac8 19. Rfd1 Qb6 20. b3 Qc5 21.
Nd5 Bxd5 22. exd5 Bf6 23. Bg4 Rc7 24. c4 Nxg4 25. Qxg4 Re7 26. Re2 Rxe2 27.
Qxe2 Qa3 1/2-1/2

[Event "Cracovia 2008 op A"]
[Site "Krakow"]
[Date "2008.12.28"]
[Round "2.11"]
[White "Zude, Erik"]
[Black "Veltkamp, Gerben"]
[Result "1-0"]
[WhiteElo "2396"]
[BlackElo "2221"]
[PlyCount "137"]
[EventDate "2008.??.??"]

1. d4 d5 2. c4 c6 3. Nc3 Nf6 4. e3 a6 5. Nf3 Bf5 6. Be2 h6 7. Qb3 Ra7 8. Bd2 e6
9. a4 a5 10. Ne5 Nbd7 11. f4 Bb4 12. O-O O-O 13. Be1 dxc4 14. Bxc4 Nb6 15. Be2
Ra8 16. Rd1 Bh7 17. Bh4 Be7 18. Bf3 Nfd5 19. Bf2 Qd6 20. Nd3 Nb4 21. Ne4 Qc7
22. Rd2 Nxd3 23. Rxd3 Nd5 24. Rc1 Rfd8 25. h4 Ra6 26. Qd1 Rb6 27. Rb3 Rb4 28.
Rxb4 Bxb4 29. Nc5 Nf6 30. h5 Qe7 31. Bh4 Bxc5 32. Rxc5 Qxc5 33. dxc5 Rxd1+ 34.
Bxd1 Nd5 35. Kf2 f6 36. Ke2 Nb4 37. Be1 Na6 38. Bxa5 Nxc5 39. Bb4 Na6 40. Bd6
Be4 41. b4 b5 42. axb5 cxb5 43. Bb3 Kf7 44. g4 f5 45. gxf5 Bxf5 46. Kf3 Ke8 47.
e4 Kd7 48. Bf8 Bh7 49. Ke3 g6 50. Kd4 gxh5 51. Ke5 Nc7 52. Bd6 Bxe4 53. Bxc7
Bf5 54. Bb6 h4 55. Bg1 h5 56. Bd1 Bg4 57. Bc2 Be2 58. Be4 Ke7 59. Bc6 Kf7 60.
Bh2 Ke7 61. Be4 Kd7 62. Kf6 Bg4 63. Kg5 h3 64. f5 exf5 65. Bxf5+ Kc6 66. Bxg4
hxg4 67. Kxg4 Kd5 68. Kxh3 Kc4 69. Bd6 1-0

[Event "Cracovia 2008 op A"]
[Site "Krakow"]
[Date "2008.12.28"]
[Round "2.12"]
[White "Tyukhanov, Alexey"]
[Black "Bobula, Mateusz"]
[Result "1-0"]
[WhiteElo "2227"]
[BlackElo "2395"]
[PlyCount "85"]
[EventDate "2008.??.??"]

1. e4 e6 2. b3 d5 3. Bb2 Nf6 4. e5 Nfd7 5. Qg4 c5 6. Nf3 Nc6 7. Bb5 Qb6 8. Bxc6
Qxc6 9. O-O b5 10. d4 c4 11. c3 a5 12. Nbd2 cxb3 13. axb3 a4 14. Rac1 Nb6 15.
Rc2 Ba6 16. Rfc1 h6 17. h4 Rc8 18. Ne1 g6 19. h5 gxh5 20. Qxh5 axb3 21. Nxb3
Na4 22. Nd3 Qc4 23. Nbc5 Nxc5 24. Nxc5 Bxc5 25. dxc5 Rg8 26. Qf3 Bb7 27. Rd2
Qxc5 28. Rd4 Ra8 29. c4 bxc4 30. Rcxc4 Qb6 31. Rb4 Qc7 32. Ba3 Ba6 33. Qf6 Qd8
34. Qf3 Qc7 35. Ra4 Qxe5 36. Qc3 Kd7 37. g3 Rgc8 38. Qb4 Qf6 39. Qd6+ Ke8 40.
Qf8+ Kd7 41. Qd6+ Ke8 42. Rf4 Qa1+ 43. Kh2 1-0

[Event "Cracovia 2008 op A"]
[Site "Krakow"]
[Date "2008.12.28"]
[Round "2.13"]
[White "Wcislo, Damian"]
[Black "Czerwonski, Aleksander"]
[Result "1-0"]
[WhiteElo "2219"]
[BlackElo "2391"]
[PlyCount "73"]
[EventDate "2008.??.??"]

1. d4 d6 2. Nf3 Bg4 3. c4 Nd7 4. Nc3 e5 5. g3 Ngf6 6. Bg2 c6 7. O-O Be7 8. h3
Bh5 9. d5 cxd5 10. cxd5 O-O 11. Nh4 Ne8 12. Nf5 Bg6 13. e4 Bxf5 14. exf5 g6 15.
Bh6 Ng7 16. g4 gxf5 17. gxf5 Nf6 18. Ne4 Qd7 19. f4 exf4 20. Qd4 Qd8 21. Rxf4
Qb6 22. Qxb6 axb6 23. Nc3 Rfe8 24. Raf1 Bf8 25. Rb4 Ra6 26. Bg5 Nd7 27. f6 Nh5
28. Rh4 Ng3 29. Rf2 Re5 30. Rg4 Nh5 31. Bf1 Ra5 32. Be2 Kh8 33. Rgg2 h6 34.
Bxh5 hxg5 35. Bxf7 b5 36. h4 Bh6 37. hxg5 1-0

[Event "Cracovia 2008 op A"]
[Site "Krakow"]
[Date "2008.12.28"]
[Round "2.14"]
[White "Marzano, Carlo"]
[Black "Panocki, Adrian"]
[Result "0-1"]
[WhiteElo "2188"]
[BlackElo "2381"]
[PlyCount "50"]
[EventDate "2008.??.??"]

1. Nc3 c5 2. Nf3 Nf6 3. e3 d5 4. Bb5+ Bd7 5. Bxd7+ Qxd7 6. d3 Nc6 7. O-O g6 8.
e4 Bg7 9. Bg5 e6 10. Qc1 h6 11. Bxf6 Bxf6 12. exd5 exd5 13. Qe3+ Be7 14. Ne5 d4
15. Qe4 Nxe5 16. Qxe5 f6 17. Qg3 dxc3 18. Qxg6+ Kd8 19. Rfe1 cxb2 20. Rab1 Kc7
21. Rxb2 Rae8 22. Qf7 b6 23. Qc4 Bd6 24. Rf1 Rhg8 25. Qa6 Rxg2+ 0-1

[Event "Cracovia 2008 op A"]
[Site "Krakow"]
[Date "2008.12.28"]
[Round "2.15"]
[White "Nurkiewicz, Maciej"]
[Black "Roubalik, Jakub"]
[Result "1-0"]
[WhiteElo "2380"]
[BlackElo "2216"]
[PlyCount "75"]
[EventDate "2008.??.??"]

1. e4 c5 2. Nf3 Nc6 3. d4 cxd4 4. Nxd4 Nf6 5. Nc3 e5 6. Ndb5 d6 7. Bg5 a6 8.
Na3 b5 9. Nd5 Be7 10. Bxf6 Bxf6 11. c3 Ne7 12. Nxf6+ gxf6 13. g3 Bb7 14. Bg2 f5
15. Qe2 Qb6 16. O-O-O Rc8 17. Kb1 O-O 18. Nc2 fxe4 19. Bxe4 Bxe4 20. Qxe4 f5
21. Qe2 Rf6 22. Rd2 a5 23. f4 e4 24. Ne3 b4 25. c4 b3 26. a3 Qa6 27. Rc1 Kh8
28. Qe1 Rh6 29. Rd4 Qb6 30. Qd2 Rc6 31. g4 Rh3 32. gxf5 Rxe3 33. Qxe3 Nxf5 34.
Qxe4 Nxd4 35. Qe8+ Kg7 36. Rg1+ Kf6 37. Qf8+ Ke6 38. Re1+ 1-0

[Event "Cracovia 2008 op A"]
[Site "Krakow"]
[Date "2008.12.28"]
[Round "2.16"]
[White "Obrusnik, Michal"]
[Black "Leniart, Arkadiusz"]
[Result "1-0"]
[WhiteElo "2181"]
[BlackElo "2368"]
[PlyCount "56"]
[EventDate "2008.??.??"]

1. e4 e6 2. d4 d5 3. Nc3 Bb4 4. e5 Ne7 5. a3 Bxc3+ 6. bxc3 b6 7. Qg4 Ng6 8. h4
h5 9. Qg3 Ba6 10. Bxa6 Nxa6 11. Ne2 c5 12. Nf4 Nxf4 13. Bxf4 Kf8 14. Qd3 c4 15.
Qf3 Nb8 16. g4 Nd7 17. gxh5 Ke7 18. Rg1 Rh7 19. Bg5+ f6 20. exf6+ gxf6 21. Bf4
Qf8 22. Kd2 Re8 23. Rae1 Kd8 24. a4 Kc8 25. Rxe6 Rxe6 26. Qxd5 Qe7 27. Qa8+ Nb8
28. Rg8+ Kd7 1-0

[Event "Cracovia 2008 op A"]
[Site "Krakow"]
[Date "2008.12.28"]
[Round "2.17"]
[White "Brzeski, Maciej"]
[Black "Pazderski, Ziemowit"]
[Result "1-0"]
[WhiteElo "2366"]
[BlackElo "2209"]
[PlyCount "87"]
[EventDate "2008.??.??"]

1. e4 d5 2. exd5 Qxd5 3. Nc3 Qd6 4. d4 Nf6 5. Nf3 a6 6. g3 Bg4 7. Bg2 Nc6 8.
O-O Rd8 9. Bf4 Qb4 10. d5 e6 11. Qd2 Qa5 12. a3 Nxd5 13. Nxd5 Qxd5 14. Qxd5
exd5 15. Bxc7 Rd7 16. Rfe1+ Be7 17. Bb6 O-O 18. c3 Bf6 19. Rad1 g6 20. h3 Be6
21. Nd2 Kg7 22. Nb3 Be7 23. Nc5 Bxc5 24. Bxc5 Rc8 25. Bb6 Ne7 26. Rd2 g5 27.
Be3 Kg6 28. Red1 b5 29. a4 bxa4 30. Ra1 Nf5 31. Rxa4 Rc6 32. Ra5 Nxe3 33. fxe3
Rcd6 34. Bf1 Rb6 35. Rxa6 Rxa6 36. Bxa6 Bxh3 37. Bc8 Re7 38. Bxh3 Rxe3 39. Kf2
Re5 40. Bg2 h5 41. Bxd5 f5 42. c4 h4 43. gxh4 gxh4 44. Re2 1-0

[Event "Cracovia 2008 op A"]
[Site "Krakow"]
[Date "2008.12.28"]
[Round "2.18"]
[White "Motyka, Michal"]
[Black "Smola, Michal"]
[Result "0-1"]
[WhiteElo "2359"]
[BlackElo "2204"]
[PlyCount "106"]
[EventDate "2008.??.??"]

1. e4 c5 2. Nc3 d6 3. g3 Nc6 4. Bg2 g6 5. d3 Bg7 6. f4 e6 7. Be3 Nge7 8. Nge2
Nd4 9. O-O O-O 10. Qd2 Rb8 11. Rae1 b5 12. e5 Nef5 13. Bf2 dxe5 14. fxe5 Bxe5
15. Nc1 Bg7 16. Ne4 c4 17. c3 Nc6 18. g4 Nfe7 19. Bg3 e5 20. Nf6+ Kh8 21. d4
Rb6 22. d5 Be6 23. g5 Bxf6 24. gxf6 Nxd5 25. Rd1 Nf4 26. Bxf4 exf4 27. Qxf4 Qb8
28. Qh6 Rg8 29. Rde1 Ne5 30. h3 Nd7 31. Re4 Qf8 32. Qd2 Bf5 33. Rh4 Nxf6 34.
Ne2 Qd8 35. Rd4 Qc8 36. Nf4 a5 37. Qf2 Qc5 38. Rfd1 Qe5 39. Re1 Qc5 40. Red1
Re8 41. Qh4 Kg7 42. Kh1 Be4 43. Qg3 Nh5 44. Nxh5+ Qxh5 45. Rf1 Bxg2+ 46. Qxg2
Re2 47. Qg3 Rbe6 48. Rdf4 Qd5+ 49. Kg1 Re7 50. R4f3 Qc5+ 51. Kh1 Qe5 52. Rf4
Re4 53. Rxe4 Qxg3 0-1

[Event "Cracovia 2008 op A"]
[Site "Krakow"]
[Date "2008.12.28"]
[Round "2.19"]
[White "Aliavdin, Nikolai"]
[Black "Zakoscielna, Kinga"]
[Result "1-0"]
[WhiteElo "2343"]
[BlackElo "2147"]
[PlyCount "74"]
[EventDate "2008.??.??"]

1. e4 c5 2. Nf3 d6 3. d4 cxd4 4. Nxd4 Nf6 5. Nc3 a6 6. Bc4 e6 7. Bb3 Be7 8. g4
Nc6 9. g5 Nd7 10. Bxe6 fxe6 11. Nxe6 Qa5 12. Nxg7+ Kf7 13. Nf5 Nde5 14. f4 Bxf5
15. exf5 Nd4 16. f6 Nef3+ 17. Kf2 Bxf6 18. gxf6 Qh5 19. h4 Rhg8 20. Ne4 Qg6 21.
Ng5+ Nxg5 22. hxg5 Qxc2+ 23. Qxc2 Nxc2 24. Rxh7+ Kg6 25. Rh6+ Kf5 26. Rb1 Rh8
27. Rxh8 Rxh8 28. Bd2 Nd4 29. Rg1 Kg6 30. Ke3 Nf5+ 31. Ke4 Re8+ 32. Kd3 d5 33.
Re1 Rh8 34. Re5 Rh3+ 35. Ke2 Nd4+ 36. Kf2 Rh2+ 37. Ke3 Nf5+ 1-0

[Event "Cracovia 2008 op A"]
[Site "Krakow"]
[Date "2008.12.28"]
[Round "2.20"]
[White "Siwiec, Arkadiusz"]
[Black "Nguyen, Piotr"]
[Result "0-1"]
[WhiteElo "2095"]
[BlackElo "2327"]
[PlyCount "94"]
[EventDate "2008.??.??"]

1. e4 Nf6 2. e5 Nd5 3. d4 d6 4. Nf3 dxe5 5. Nxe5 c6 6. Bd3 Nd7 7. O-O Nxe5 8.
dxe5 g6 9. Qe2 Bg7 10. f4 O-O 11. Nd2 Qb6+ 12. Kh1 Qe3 13. Nc4 Qxe2 14. Bxe2
Bf5 15. c3 a5 16. Ne3 Be4 17. Nxd5 cxd5 18. Bf3 Bxf3 19. Rxf3 a4 20. Be3 Rfc8
21. Bd4 e6 22. Kg1 Bf8 23. Kf1 Bc5 24. Rd1 Ra5 25. Bxc5 Raxc5 26. a3 Rb5 27.
Rd2 h5 28. Kf2 Kf8 29. g3 Ke7 30. h4 Kd7 31. Ke2 Rc4 32. Rfd3 Kc6 33. Kd1 Re4
34. Kc2 Rc5 35. Rd4 Rc4 36. Rxc4+ dxc4 37. Rd6+ Kc7 38. Kd2 b6 39. Rd4 Rxd4+
40. cxd4 Kc6 41. Kc2 Kd5 42. Kc3 Ke4 43. Kxc4 Kf3 44. d5 exd5+ 45. Kxd5 Kxg3
46. e6 fxe6+ 47. Kxe6 Kxf4 0-1

[Event "Cracovia 2008 op A"]
[Site "Krakow"]
[Date "2008.12.28"]
[Round "2.21"]
[White "Ashton, Adam G"]
[Black "Pietruszewski, Marcin"]
[Result "1-0"]
[WhiteElo "2325"]
[BlackElo "2027"]
[PlyCount "49"]
[EventDate "2008.??.??"]

1. e4 e6 2. Nf3 d5 3. Nc3 Nf6 4. e5 Nfd7 5. d4 c5 6. dxc5 Nc6 7. Bf4 Bxc5 8.
Bd3 Qb6 9. O-O Qxb2 10. Nb5 h6 11. Bd2 a6 12. Bc3 Qxa1 13. Nc7+ Kd8 14. Nxe6+
fxe6 15. Bxa1 b5 16. a4 b4 17. Qe2 Nb6 18. Nh4 Ra7 19. Ng6 Re8 20. c4 bxc3 21.
Bxc3 Nxa4 22. Rc1 Kc7 23. Qa2 Nb6 24. Ba5 Bd4 25. Qa4 1-0

[Event "Cracovia 2008 op A"]
[Site "Krakow"]
[Date "2008.12.28"]
[Round "2.22"]
[White "Brokken, Dennis"]
[Black "Pietrzak, Wojciech"]
[Result "1-0"]
[WhiteElo "2306"]
[BlackElo "1912"]
[PlyCount "57"]
[EventDate "2008.??.??"]

1. d4 d5 2. c4 e6 3. Nc3 c5 4. dxc5 Bxc5 5. a3 Nf6 6. Nf3 Nc6 7. e3 O-O 8. b4
Be7 9. Bb2 a6 10. c5 b6 11. cxb6 Qxb6 12. Na4 Qb7 13. Rb1 Ne4 14. Bd3 Rd8 15.
O-O Na7 16. Nd2 Nb5 17. Nxe4 dxe4 18. Qg4 e5 19. Qxe4 Qxe4 20. Bxe4 Ra7 21.
Rbd1 Rad7 22. Rxd7 Bxd7 23. Nc5 Bxc5 24. bxc5 Be6 25. a4 Bc4 26. axb5 Bxf1 27.
Kxf1 axb5 28. c6 f6 29. Bf5 1-0